000 00382nam a2200133Ia 4500
008 151001s9999||||xx |||||||||||||| ||und||
100 _aभीमराव कुलकर्णी
245 _aसमशेर बहाद्दर
250 _a1
260 _bराजस प्रकाशन नाशिक
260 _c1973
300 _a160
365 _b18
999 _c964267
_d964264